00338nam a22001217a 450000500170000000800410001708200120005810000160007024500540008626000510014030000170019165000080020820210316160959.0210316b ||||| |||| 00| 0 eng d a346.066 aAIYAR, A.N. aCOMPANY CASES THE CORPORATE LAW WEEKLY [VOL- 133] aCHENNAIbCOMPANY LAW INSTITUTE OF INDIAc2006 a944;i-xliv,p aLAW